| 000 | 00430nam a2200169 4500 | ||
|---|---|---|---|
| 005 | 20260116165448.0 | ||
| 008 | 260116b |||||||| |||| 00| 0 eng d | ||
| 020 | _a978-81-7599-365-5 | ||
| 041 | _aEnglish | ||
| 082 |
_aX 823 BRO _bB12176 |
||
| 100 |
_aBronte, Charlotte _9216352 |
||
| 245 | _aJane Eyre | ||
| 260 |
_aNew Delhi _bFingerPrint Classics _c2024 |
||
| 300 |
_a503p _bpb |
||
| 365 |
_aRupaye _b199 _cINR |
||
| 942 | _cBK | ||
| 999 |
_c369900 _d369900 |
||